<?xml version="1.0" encoding="UTF-8"?>
<record
    xmlns:xsi="http://www.w3.org/2001/XMLSchema-instance"
    xsi:schemaLocation="http://www.loc.gov/MARC21/slim http://www.loc.gov/standards/marcxml/schema/MARC21slim.xsd"
    xmlns="http://www.loc.gov/MARC21/slim">

  <leader>01779nam a22002657a 4500</leader>
  <controlfield tag="003">DO-SdBJH</controlfield>
  <controlfield tag="005">20250821185930.0</controlfield>
  <controlfield tag="008">250728b2024    |||do||| |||| 00| 0 spa d</controlfield>
  <datafield tag="040" ind1=" " ind2=" ">
    <subfield code="a">DO-SdBJH</subfield>
    <subfield code="b">spa</subfield>
    <subfield code="c">DO-SdBJH</subfield>
  </datafield>
  <datafield tag="041" ind1="0" ind2=" ">
    <subfield code="a">spa</subfield>
  </datafield>
  <datafield tag="090" ind1=" " ind2=" ">
    <subfield code="a">TG AMBC</subfield>
    <subfield code="b">02473 2024</subfield>
  </datafield>
  <datafield tag="100" ind1="1" ind2=" ">
    <subfield code="a">Jaquez Mateo, Harold Antonio</subfield>
    <subfield code="e">sustentante</subfield>
  </datafield>
  <datafield tag="245" ind1="1" ind2="0">
    <subfield code="a">Impacto de las operaciones del 13er. Batall&#xF3;n de Infanter&#xED;a del Ej&#xE9;rcito de Rep&#xFA;blica Dominicana en apoyo a la Direcci&#xF3;n General de Migraci&#xF3;n en la Provincia de Azua :</subfield>
    <subfield code="b">per&#xED;odo 2020-2023 / </subfield>
    <subfield code="c">Harold Antonio Jaquez Mateo, Wildania Cuevas Casta&#xF1;o ; asesor de contenido Juan Alberto Alc&#xE1;ntara C&#xE1;ceres ; asesor metodol&#xF3;gico Mateo Capell&#xE1;n.</subfield>
  </datafield>
  <datafield tag="260" ind1=" " ind2=" ">
    <subfield code="a">Santo Domingo, Rep&#xFA;blica Dominicana :</subfield>
    <subfield code="b">UNADE,</subfield>
    <subfield code="c">2024.</subfield>
  </datafield>
  <datafield tag="300" ind1=" " ind2=" ">
    <subfield code="a">xii, 56 p&#xE1;ginas : </subfield>
    <subfield code="b">gr&#xE1;ficos, fotograf&#xED;as.</subfield>
  </datafield>
  <datafield tag="500" ind1=" " ind2=" ">
    <subfield code="a">Incluye ap&#xE9;ndice y glosario.</subfield>
  </datafield>
  <datafield tag="502" ind1=" " ind2=" ">
    <subfield code="a">Tesis y trabajo de grado (Licenciatura en Ciencias Militares) -- Universidad Nacional para la Defensa "General Juan Pablo Duarte y D&#xED;ez", 2024.</subfield>
  </datafield>
  <datafield tag="504" ind1=" " ind2=" ">
    <subfield code="a">Incluye referencias bibliogr&#xE1;ficas y anexos. </subfield>
  </datafield>
  <datafield tag="505" ind1=" " ind2=" ">
    <subfield code="a">Antecedentes y capacidad operativa del 13er Batall&#xF3;n de Infanter&#xED;a del Ej&#xE9;rcito de Rep&#xFA;blica Dominicana -- Colaboraci&#xF3;n de la Direcci&#xF3;n General de Migraci&#xF3;n en las operaciones para el control migratorio con el 13er. Batall&#xF3;n de Infanter&#xED;a Del Ej&#xE9;rcito de Rep&#xFA;blica Dominicana en la Provincia de Azua.</subfield>
  </datafield>
  <datafield tag="700" ind1="1" ind2=" ">
    <subfield code="a">Cuevas Casta&#xF1;o, Wildania</subfield>
    <subfield code="e">sustentante</subfield>
  </datafield>
  <datafield tag="700" ind1="1" ind2=" ">
    <subfield code="a">Alc&#xE1;ntara C&#xE1;ceres, Juan Alberto</subfield>
    <subfield code="e">asesor de contenido</subfield>
  </datafield>
  <datafield tag="700" ind1="1" ind2=" ">
    <subfield code="a">Capell&#xE1;n, Mateo</subfield>
    <subfield code="e">asesor metodol&#xF3;gico</subfield>
  </datafield>
  <datafield tag="830" ind1=" " ind2=" ">
    <subfield code="a">Tesis y disertaciones acad&#xE9;micas (Universidad Nacional para la Defensa "General Juan Pablo Duarte y D&#xED;ez"). Academia Militar "Batalla De Las Carreras"</subfield>
    <subfield code="9">24</subfield>
  </datafield>
  <datafield tag="942" ind1=" " ind2=" ">
    <subfield code="2">CL</subfield>
    <subfield code="c">T</subfield>
  </datafield>
  <datafield tag="999" ind1=" " ind2=" ">
    <subfield code="c">8372</subfield>
    <subfield code="d">8372</subfield>
  </datafield>
  <datafield tag="952" ind1=" " ind2=" ">
    <subfield code="0">0</subfield>
    <subfield code="1">0</subfield>
    <subfield code="2">CL</subfield>
    <subfield code="4">0</subfield>
    <subfield code="7">0</subfield>
    <subfield code="8">TG</subfield>
    <subfield code="a">BJHA</subfield>
    <subfield code="b">BJHA</subfield>
    <subfield code="c">GEN</subfield>
    <subfield code="d">2025-07-28</subfield>
    <subfield code="i">24-02473</subfield>
    <subfield code="l">0</subfield>
    <subfield code="o">TG AMBC 02473 2024</subfield>
    <subfield code="p">24-02473</subfield>
    <subfield code="r">2025-07-28 21:37:00</subfield>
    <subfield code="t">1</subfield>
    <subfield code="w">2025-07-28</subfield>
    <subfield code="y">T</subfield>
  </datafield>
</record>
